Giáo trình từ vựng học Tiếng Việt : Giáo trình Cao đẳng Sư phạm

Sách phục vụ cho cả hai đối tượng cán bộ giảng dạy và sinh viên ngữ văn các trường cao đẳng sư phạm.

Shranjeno v:
Bibliografske podrobnosti
Glavni avtor: Đỗ, Hữu Châu
Format: Knjiga
Jezik:Undetermined
Izdano: Hà Nội Đại học Sư phạm Hà Nội 2006
Teme:
Oznake: Označite
Brez oznak, prvi označite!
Thư viện lưu trữ: Trung tâm Học liệu Trường Đại học Cần Thơ
LEADER 00970nam a2200253Ia 4500
001 CTU_120340
008 210402s9999 xx 000 0 und d
020 |c 36000 
082 |a 495.9225 
082 |b Ch125 
100 |a Đỗ, Hữu Châu 
245 0 |a Giáo trình từ vựng học Tiếng Việt : 
245 0 |b Giáo trình Cao đẳng Sư phạm 
245 0 |c Đỗ Hữu Châu 
260 |a Hà Nội 
260 |b Đại học Sư phạm Hà Nội 
260 |c 2006 
520 |a Sách phục vụ cho cả hai đối tượng cán bộ giảng dạy và sinh viên ngữ văn các trường cao đẳng sư phạm. 
526 |a Từ vựng học tiếng Việt 
526 |b SG295 
650 |a Vietnamese language,Vietnamese language 
650 |x Glossaries, vocabularies, etc,Outlines, syllabi, etc 
904 |i Hiếu 
980 |a Trung tâm Học liệu Trường Đại học Cần Thơ